| 000 | 01055nam a2200337 a 4500 | ||
|---|---|---|---|
| 001 | 000114232 | ||
| 003 | CHAP | ||
| 005 | 20220329144432.0 | ||
| 008 | 171128s1988 mx |r| ||||||spa d | ||
| 010 | _a110693 | ||
| 011 | _a111665 | ||
| 020 | _a9684131380 | ||
| 040 | _cCHAP | ||
| 082 | 0 | 4 |
_a233.14 _bK47 1988 |
| 100 | 0 | 0 |
_aKierkegaard, Soren. _963182 |
| 245 | 1 | 2 |
_aEl concepto de la angustia : _buna sencilla investigación psicológica orientada hacia el problema dogmático del pecado original / _cpor Soren Kierkegaard. |
| 250 | _a12 ed. | ||
| 260 |
_aMéxico, D.F. : _bEspása-Calpe, _c1988. |
||
| 300 | _a159 p. | ||
| 490 |
_aColección Austral _v158 |
||
| 590 |
_aBATCH-UPD _b05 _c20171128 _lUCH01 _h0848 |
||
| 590 |
_aE5765TAJ _b05 _c20171128 _lUCH01 _h0847 |
||
| 590 |
_aE5765TAJ _b05 _c20171128 _lUCH01 _h0916 |
||
| 650 | 1 | 4 |
_aPecado original. _9134150 |
| 650 | 1 | 4 |
_aPsicología de la religión. _9134152 |
| 650 | 1 | 4 |
_aSufrimiento. _9134151 |
| 830 | 0 |
_aColección Austral _v158 _924712 |
|
| 901 | _aBK | ||
| 942 | _cLIBRO | ||
| 942 | _n0 | ||
| 999 |
_c110693 _d110693 |
||